[Event "RUS-chT2"]
[Site "Sochi"]
[Date "2022.05.08"]
[Round "7.3"]
[White "Yudin, Ivan"]
[Black "Yashmetov, Mikhail"]
[Result "1/2-1/2"]
[WhiteElo "2303"]
[BlackElo "2319"]
[PlyCount "53"]
[EventDate "2022.05.01"]
[EventType "team-swiss"]
[EventRounds "9"]
[EventCountry "RUS"]
[SourceTitle "CBM 208 Extra"]
[Source "ChessBase"]
[SourceDate "2022.07.31"]
[SourceVersion "1"]
[SourceVersionDate "2022.07.31"]
[SourceQuality "1"]
[WhiteTeam "Moscow Botvinnik School II"]
[BlackTeam "Moscow Northern Character"]
[WhiteTeamCountry "RUS"]
[BlackTeamCountry "RUS"]

1. Nf3 Nf6 2. c4 g6 3. Nc3 d5 4. cxd5 Nxd5 5. Qa4+ Nc6 6. Ne5 Qd6 7. Nxc6 Qxc6 8. Qxc6+ bxc6 9. g3 Nb4 10. Bg2 Bg7 11. 0-0 0-0 12. d3 Rb8 13. Bd2 Rd8 14. Rfc1 Bg4 15. Kf1 Be6 16. b3 a5 17. Rab1 Bxc3 18. Rxc3 Nxa2 19. Rxc6 a4 20. b4 Rd7 21. Ra6 Bb3 22. Bc6 Rd6 23. b5 Rd4 24. Be3 Rdd8 25. Bd2 Rd4 26. Be3 Rdd8 27. Bd2 1/2-1/2

[Event "RUS-chT2"]
[Site "Sochi"]
[Date "2022.05.04"]
[Round "4.3"]
[White "Yudin, Ivan"]
[Black "Vetokhin, Savva"]
[Result "1/2-1/2"]
[WhiteElo "2303"]
[BlackElo "2383"]
[PlyCount "119"]
[EventDate "2022.05.01"]
[EventType "team-swiss"]
[EventRounds "9"]
[EventCountry "RUS"]
[SourceTitle "CBM 208 Extra"]
[Source "ChessBase"]
[SourceDate "2022.07.31"]
[SourceVersion "1"]
[SourceVersionDate "2022.07.31"]
[SourceQuality "1"]
[WhiteTeam "Moscow Botvinnik School II"]
[BlackTeam "Moscow Russian ChSchool"]
[WhiteTeamCountry "RUS"]
[BlackTeamCountry "RUS"]

1. e4 c5 2. Nf3 d6 3. d4 cxd4 4. Nxd4 Nf6 5. Nc3 Nc6 6. Bg5 e6 7. Qd2 a6 8. 0-0-0 Bd7 9. f4 b5 10. Bxf6 gxf6 11. Kb1 Qb6 12. Nxc6 Bxc6 13. f5 b4 14. Ne2 e5 15. Ng3 h5 16. Bc4 h4 17. Nf1 Bxe4 18. Qe2 d5 19. Bxd5 Bxd5 20. Rxd5 Bh6 21. Nd2 Bxd2 22. Qxd2 0-0 23. Rd1 Rac8 24. Qe2 Rfd8 25. Qg4+ Kf8 26. Rxd8+ Rxd8 27. Rxd8+ Qxd8 28. Qxb4+ Kg7 29. Qg4+ Kf8 30. b3 Qd2 31. Qe4 h3 32. gxh3 Qxh2 33. h4 Kg7 34. b4 Kh6 35. a4 Qf2 36. Kb2 Qf1 37. Qd3 Qe1 38. b5 axb5 39. axb5 Qb4+ 40. Qb3 Qd4+ 41. Qc3 Qb6 42. Qc4 e4 43. Qxe4 Qxb5+ 44. Kc3 Kg7 45. Kd2 Qb2 46. Kd3 Qb1 47. Kd4 Qb6+ 48. Kc4 Qa6+ 49. Kb3 Qb5+ 50. Kc3 Qb6 51. Qg4+ Kh7 52. Qd4 Qa5+ 53. Kd3 Kg7 54. c4 Qxf5+ 55. Qe4 Qh3+ 56. Kd4 f5 57. Qf4 Qh1 58. Kc5 f6 59. Qxf5 Qxh4 60. Qd7+ 1/2-1/2

[Event "Moscow-chT"]
[Site "Moscow"]
[Date "2014.10.12"]
[Round "11.3"]
[White "Yudin, Ivan"]
[Black "Babarykin, Stanislav"]
[Result "1/2-1/2"]
[WhiteElo "2301"]
[BlackElo "2378"]
[PlyCount "88"]
[EventDate "2014.09.27"]
[EventType "team-tourn"]
[EventRounds "11"]
[EventCountry "RUS"]
[SourceTitle "CBM 162 Extra"]
[Source "ChessBase"]
[SourceDate "2014.10.17"]
[SourceVersion "1"]
[SourceVersionDate "2014.10.17"]
[SourceQuality "1"]
[WhiteTeam "Palace"]
[BlackTeam "Navigator"]
[WhiteTeamCountry "RUS"]
[BlackTeamCountry "RUS"]

1. d4 d5 2. c4 e6 3. Nc3 Nf6 4. Bg5 Be7 5. cxd5 exd5 6. e3 h6 7. Bh4 c6 8. Bd3 0-0 9. Qc2 Nh5 10. Bxe7 Qxe7 11. Nge2 Be6 12. 0-0 Nd7 13. b4 a5 14. b5 c5 15. dxc5 Nxc5 16. Bh7+ Kh8 17. Bf5 Qg5 18. Nd4 Rac8 19. Rad1 Nf6 20. Qb1 Rfd8 21. Nce2 Bxf5 22. Qxf5 Kg8 23. Rc1 Qxf5 24. Nxf5 Kf8 25. Rfd1 g6 26. Nfd4 Nce4 27. Rxc8 Rxc8 28. Rc1 Rxc1+ 29. Nxc1 Ke7 30. Kf1 Kd6 31. Ke1 Nd7 32. f3 Nec5 33. Nce2 Nb6 34. Nc3 Nca4 35. Nxa4 Nxa4 36. Nb3 Kc7 37. Nxa5 Kb6 38. Nb3 Nc3 39. Kd2 Nxa2 40. Nd4 Kc5 41. Kd3 Nb4+ 42. Kc3 Na2+ 43. Kb2 Nb4 44. Kc3 Na2+ 1/2-1/2

[Event "RUS-chT U20"]
[Site "Kaliningrad"]
[Date "2013.08.06"]
[Round "5"]
[White "Yudin, Ivan"]
[Black "Tarasov, Alexandr"]
[Result "1-0"]
[WhiteElo "2267"]
[BlackElo "2179"]
[PlyCount "107"]
[EventDate "2013.08.02"]
[EventType "team-swiss"]
[EventRounds "9"]
[EventCountry "RUS"]
[SourceTitle "EXT 2018"]
[Source "ChessBase"]
[SourceDate "2017.10.13"]
[SourceVersion "1"]
[SourceVersionDate "2017.10.13"]
[SourceQuality "1"]

1. d4 Nf6 2. c4 e6 3. Nc3 Bb4 4. e3 0-0 5. Nge2 Re8 6. a3 Bf8 7. d5 a5 8. Nd4 c6 9. Be2 cxd5 10. cxd5 exd5 11. Bf3 Re5 12. Qb3 Nc6 13. 0-0 Bc5 14. Ndb5 d4 15. exd4 Nxd4 16. Nxd4 Bxd4 17. Bf4 Rf5 18. Bg3 Bxc3 19. Qxc3 d5 20. Rfd1 Be6 21. Bc7 Qe8 22. Rac1 Qb5 23. Be5 h6 24. Qe3 Re8 25. Be2 Qd7 26. Bd4 Ne4 27. f3 Nd6 28. Qc3 Rg5 29. Qc7 Qxc7 30. Rxc7 Bh3 31. Bf1 Nf5 32. Kf2 Nxd4 33. Rxd4 Rc8 34. Rxc8+ Bxc8 35. f4 Rg6 36. Rxd5 Rc6 37. Bd3 g6 38. Rxa5 Kg7 39. Ke3 b6 40. Ra7 Be6 41. Be4 Rd6 42. Bf3 h5 43. Rc7 b5 44. Be2 Rb6 45. Rc5 Bc4 46. Bf3 Rd6 47. Be4 Rd1 48. a4 Re1+ 49. Kd4 f5 50. Bf3 Rb1 51. axb5 Bf1 52. Kc3 Rc1+ 53. Kb4 Rb1 54. b3 1-0

[Event "RUS-chT U20"]
[Site "Kaliningrad"]
[Date "2013.08.04"]
[Round "3"]
[White "Yudin, Ivan"]
[Black "Savitskiy, Sergey"]
[Result "1-0"]
[WhiteElo "2267"]
[BlackElo "2379"]
[PlyCount "87"]
[EventDate "2013.08.02"]
[EventType "team-swiss"]
[EventRounds "9"]
[EventCountry "RUS"]
[SourceTitle "EXT 2018"]
[Source "ChessBase"]
[SourceDate "2017.10.13"]
[SourceVersion "1"]
[SourceVersionDate "2017.10.13"]
[SourceQuality "1"]

1. d4 Nf6 2. c4 g6 3. Nc3 Bg7 4. e4 d6 5. Nf3 0-0 6. Be2 e5 7. 0-0 Na6 8. Be3 Ng4 9. Bg5 Qe8 10. Re1 c6 11. h3 f6 12. Bh4 Nh6 13. Qd2 Nf7 14. Rad1 Nc7 15. Bg3 Qe7 16. b4 f5 17. exf5 gxf5 18. c5 e4 19. cxd6 Nxd6 20. Qf4 Nde8 21. Ne5 Qxb4 22. Qd2 Qe7 23. f3 Ne6 24. fxe4 f4 25. Bf2 Nxd4 26. Bc4+ Ne6 27. Nd3 Nd6 28. Bb3 Nf7 29. Nd5 Qg5 30. N5xf4 Nd4 31. Bxd4 Bxd4+ 32. Kh1 Kh8 33. e5 Nh6 34. e6 Nf5 35. e7 Nxe7 36. Rxe7 Bxh3 37. Re4 Bg4 38. Rxd4 Bxd1 39. Qxd1 Rae8 40. Nh3 Qg7 41. Ndf4 Qg3 42. Be6 Qe3 43. Re4 Qc3 44. Ng6+ 1-0

[Event "RUS-chT U20"]
[Site "Kaliningrad"]
[Date "2013.08.03"]
[Round "2"]
[White "Eliseev, Urii"]
[Black "Yudin, Ivan"]
[Result "1/2-1/2"]
[WhiteElo "2556"]
[BlackElo "2267"]
[PlyCount "114"]
[EventDate "2013.08.02"]
[EventType "team-swiss"]
[EventRounds "9"]
[EventCountry "RUS"]
[SourceTitle "EXT 2018"]
[Source "ChessBase"]
[SourceDate "2017.10.13"]
[SourceVersion "1"]
[SourceVersionDate "2017.10.13"]
[SourceQuality "1"]

1. e4 c5 2. Nf3 d6 3. d4 cxd4 4. Nxd4 Nf6 5. Nc3 a6 6. Be3 e6 7. f3 b5 8. Qd2 Nbd7 9. g4 h6 10. 0-0-0 b4 11. Nce2 Qc7 12. h4 d5 13. Bf4 e5 14. Bh2 dxe4 15. g5 hxg5 16. hxg5 Rxh2 17. Rxh2 exd4 18. Rh8 Nd5 19. Qxd4 Bb7 20. fxe4 N5b6 21. Qxb4 0-0-0 22. Qd4 Qc5 23. g6 fxg6 24. Qd3 Kb8 25. Bh3 Ka7 26. Nc3 Bc6 27. Bf1 Bb7 28. e5 Qxe5 29. Bh3 Qg5+ 30. Kb1 Bc6 31. Qd4 Qf6 32. Ne2 Re8 33. Qxf6 gxf6 34. Nd4 Bb7 35. a4 f5 36. Rg1 Re4 37. c3 Bg7 38. Rh7 Bxd4 39. cxd4 Rxd4 40. Bg2 Rg4 41. a5 Bxg2 42. Rd1 Be4+ 43. Ka2 Bc2 44. axb6+ Kxb6 45. Rd6+ Kb5 46. b4 Kxb4 47. Rhxd7 Bb3+ 48. Kb2 Rg2+ 49. Kc1 a5 50. Rg7 g5 51. Re7 f4 52. Rd2 f3 53. Re4+ Ka3 54. Rxg2 fxg2 55. Rg4 Bd5 56. Kb1 a4 57. Rxg5 Be4+ 1/2-1/2

[Event "EU-ch U16"]
[Site "Albena"]
[Date "2011.09.17"]
[Round "6"]
[White "Yudin, Ivan"]
[Black "Srbis, Jurica"]
[Result "1-0"]
[WhiteElo "2311"]
[BlackElo "2292"]
[PlyCount "61"]
[EventDate "2011.09.11"]
[EventType "swiss"]
[EventRounds "9"]
[EventCountry "BUL"]
[SourceTitle "CBM 144 Extra"]
[Source "ChessBase"]
[SourceDate "2011.10.28"]
[SourceVersion "1"]
[SourceVersionDate "2011.10.28"]
[SourceQuality "1"]

1. d4 Nf6 2. c4 e6 3. Nc3 c5 4. d5 exd5 5. cxd5 d6 6. e4 g6 7. Nge2 Bg7 8. Ng3 h5 9. Be2 h4 10. Nf1 a6 11. a4 Nbd7 12. Ne3 Nh5 13. g3 Qe7 14. Nc4 Ne5 15. Nb6 Rb8 16. g4 Nf6 17. Bg5 Qc7 18. Nxc8 Qxc8 19. f4 Ned7 20. 0-0 c4 21. e5 dxe5 22. f5 Qc5+ 23. Kh1 Qd4 24. fxg6 Qxd1 25. gxf7+ Kxf7 26. Raxd1 Kg6 27. Be3 b5 28. axb5 axb5 29. g5 Nh5 30. Bg4 Rhd8 31. Bf5+ 1-0

[Event "EU-ch U16"]
[Site "Albena"]
[Date "2011.09.11"]
[Round "1"]
[White "Megalios, Konstantinos"]
[Black "Yudin, Ivan"]
[Result "0-1"]
[WhiteElo "2058"]
[BlackElo "2311"]
[PlyCount "62"]
[EventDate "2011.09.11"]
[EventType "swiss"]
[EventRounds "9"]
[EventCountry "BUL"]
[SourceTitle "CBM 144 Extra"]
[Source "ChessBase"]
[SourceDate "2011.10.28"]
[SourceVersion "1"]
[SourceVersionDate "2011.10.28"]
[SourceQuality "1"]

1. d4 Nf6 2. c4 c5 3. d5 e6 4. Nc3 exd5 5. cxd5 d6 6. e4 g6 7. f3 Bg7 8. Be3 0-0 9. Qd2 a6 10. a4 Re8 11. Nge2 Nbd7 12. Nd1 Ne5 13. Nec3 Nh5 14. Be2 f5 15. 0-0 Bd7 16. exf5 gxf5 17. Bg5 Qb6 18. Ne3 Qb4 19. f4 Ng4 20. Nxg4 fxg4 21. Kh1 Bf5 22. Rae1 b5 23. axb5 axb5 24. Qd1 Qxb2 25. Nxb5 Rxe2 26. Qxe2 Qxe2 27. Rxe2 Bd3 28. Ref2 Bxb5 29. Re1 Bc3 30. Rc1 Bd4 31. Rfc2 Bd3 0-1

[Event "Moscow-ch sf"]
[Site "Moscow"]
[Date "2011.03.27"]
[Round "9"]
[White "Yudin, Ivan"]
[Black "Mesropov, Konstantin Eduard"]
[Result "1/2-1/2"]
[WhiteElo "2275"]
[BlackElo "2434"]
[PlyCount "84"]
[EventDate "2011.03.13"]
[EventType "swiss"]
[EventRounds "9"]
[EventCountry "RUS"]
[SourceTitle "CBM 141 Extra"]
[Source "ChessBase"]
[SourceDate "2011.05.03"]
[SourceVersion "1"]
[SourceVersionDate "2011.05.03"]
[SourceQuality "1"]

1. d4 c5 2. d5 e5 3. c4 d6 4. e4 Be7 5. Nf3 Bg4 6. Qb3 Na6 7. Be2 Rb8 8. Nc3 Nf6 9. Be3 0-0 10. Qc2 Ne8 11. Qd2 Nac7 12. a3 g6 13. b4 b6 14. bxc5 Bxf3 15. Bxf3 bxc5 16. Bd1 f5 17. exf5 gxf5 18. f4 e4 19. 0-0 Nf6 20. g4 fxg4 21. Qg2 Kh8 22. Ba4 Nce8 23. Nxe4 Nxe4 24. Qxe4 Bf6 25. Ra2 Rb7 26. Kh1 Bg7 27. Qd3 Qh4 28. Rg2 Nf6 29. Bf2 Qh6 30. f5 Re7 31. Re1 Rxe1+ 32. Bxe1 Nh5 33. Bd2 Qf6 34. Rxg4 Qxf5 35. Qxf5 Rxf5 36. Rg5 Rf2 37. Rg2 Rf1+ 38. Rg1 Rf2 39. Rg2 Rf1+ 40. Rg1 Rf2 41. Rg2 Rf1+ 42. Rg1 Rf2 1/2-1/2

[Event "Moscow-ch sf"]
[Site "Moscow"]
[Date "2011.03.26"]
[Round "8"]
[White "Gorbatov, Alexej"]
[Black "Yudin, Ivan"]
[Result "1/2-1/2"]
[WhiteElo "2396"]
[BlackElo "2275"]
[PlyCount "80"]
[EventDate "2011.03.13"]
[EventType "swiss"]
[EventRounds "9"]
[EventCountry "RUS"]
[SourceTitle "CBM 141 Extra"]
[Source "ChessBase"]
[SourceDate "2011.05.03"]
[SourceVersion "1"]
[SourceVersionDate "2011.05.03"]
[SourceQuality "1"]

1. e4 c5 2. Nf3 e6 3. d4 cxd4 4. Nxd4 Nf6 5. Bd3 Nc6 6. Nxc6 dxc6 7. Nd2 e5 8. Nc4 Be6 9. Qe2 Qc7 10. 0-0 Bc5 11. Kh1 b5 12. Nd2 0-0 13. a4 a6 14. Nb3 Bb6 15. f4 Rfd8 16. f5 Bxb3 17. cxb3 Qd6 18. Bc2 Qb4 19. g4 h6 20. g5 hxg5 21. Bxg5 Rd6 22. Qg2 Rad8 23. Rae1 R8d7 24. Re2 Bd8 25. Rg1 Ne8 26. Be3 bxa4 27. bxa4 Bb6 28. Bxb6 Qxb6 29. Qg3 Qc5 30. Reg2 Kf8 31. Qh3 Rh6 32. Qb3 Rhd6 33. Qb8 Rd8 34. Qb7 a5 35. Bb3 R6d7 36. Qa6 Rd3 37. Qb7 R8d7 38. Qb8 Rd8 39. Qb7 R8d7 40. Qb8 Rd8 1/2-1/2

[Event "Moscow op-E"]
[Site "Moscow"]
[Date "2011.02.01"]
[Round "4.111"]
[White "Kozhevnikov, Ivan"]
[Black "Yudin, Ivan"]
[Result "0-1"]
[WhiteElo "1942"]
[BlackElo "2250"]
[PlyCount "92"]
[EventDate "2011.01.29"]
[EventType "swiss"]
[EventRounds "9"]
[EventCountry "RUS"]
[SourceTitle "EXT 2022"]
[Source "ChessBase"]
[SourceDate "2021.10.06"]
[SourceVersion "1"]
[SourceVersionDate "2021.10.06"]
[SourceQuality "1"]

1. e4 c5 2. Nf3 d6 3. d4 Nf6 4. Nc3 cxd4 5. Nxd4 a6 6. a3 e6 7. Be3 b5 8. g4 Bb7 9. Bg2 h6 10. h4 g6 11. g5 hxg5 12. hxg5 Rxh1+ 13. Bxh1 Nfd7 14. f4 Nb6 15. Qd3 Nc4 16. 0-0-0 Nd7 17. Nxe6 fxe6 18. e5 Ndxe5 19. fxe5 Nxe5 20. Qf1 Qd7 21. Ne4 Bxe4 22. Bxe4 0-0-0 23. Bb6 Re8 24. Qe1 Nc4 25. Bd4 Qf7 26. Bf6 d5 27. Qc3 dxe4 28. b3 Bxa3+ 29. Kb1 Bb2 30. Qg3 Bxf6 31. gxf6 Nb6 32. Rd6 Nd5 33. Rxa6 Kb7 34. Qd6 Qc7 35. Qa3 Nc3+ 36. Ka1 Na4 37. f7 Qxf7 38. Ra5 Qf6+ 39. Kb1 Nc3+ 40. Kb2 Qd4 41. b4 Rc8 42. Qb3 Na4+ 43. Ka2 Nc3+ 44. Kb2 Qc4 45. Qa3 Na4+ 46. Ka1 Qf1+ 0-1

[Event "RUS-chT U20"]
[Site "Rybinsk"]
[Date "2010.08.08"]
[Round "7"]
[White "Yudin, Ivan"]
[Black "Vavulin, Maksim"]
[Result "1-0"]
[WhiteElo "2232"]
[BlackElo "2092"]
[PlyCount "151"]
[EventDate "2010.08.02"]
[EventType "team-swiss"]
[EventRounds "9"]
[EventCountry "RUS"]
[SourceTitle "EXT 2011"]
[Source "ChessBase"]
[SourceDate "2010.11.26"]
[SourceVersion "1"]
[SourceVersionDate "2010.11.26"]
[SourceQuality "1"]

1. e4 e5 2. Nf3 Nc6 3. Nc3 Nf6 4. Bb5 Nd4 5. Bc4 Nxf3+ 6. gxf3 Bc5 7. f4 d6 8. Rg1 0-0 9. d3 Kh8 10. Qf3 c6 11. Bb3 a5 12. Bd2 b5 13. a4 Qb6 14. fxe5 dxe5 15. Bg5 Ne8 16. axb5 cxb5 17. Nd5 Qa6 18. Qg3 f6 19. Bd2 a4 20. Nc7 Bxf2+ 21. Qxf2 Nxc7 22. Qg3 Ne8 23. Bb4 Rg8 24. Bxg8 Kxg8 25. 0-0-0 Be6 26. Rdf1 Kh8 27. h4 Ra7 28. h5 h6 29. Qe3 Rc7 30. Rg6 Kh7 31. Bf8 Qa7 32. Qd2 Bb3 33. c3 a3 34. bxa3 Kg8 35. Bb4 Kh7 36. Rfg1 Bf7 37. Qg2 Qe3+ 38. Kb2 Be6 39. Rg3 Qa7 40. Rf3 Rf7 41. Qf2 Qa4 42. Qc2 Qa7 43. Rfg3 Rd7 44. Rf1 Bf7 45. Qd1 Be6 46. Qc2 Bf7 47. Rf5 Be6 48. Rf2 Bf7 49. Rh2 Be6 50. Kc1 Rc7 51. Qf2 Qb7 52. Qf3 Qa7 53. Rb2 Rd7 54. Qe3 Qb7 55. Ba5 Qa6 56. Qb6 Qxb6 57. Bxb6 Bf7 58. Rh2 Rb7 59. Bc5 Rc7 60. Bb4 Be6 61. Kb2 Kg8 62. d4 exd4 63. cxd4 Rc4 64. Rd3 Kf7 65. Rc2 Rxc2+ 66. Kxc2 Bg4 67. d5 Bd7 68. Rg3 Bc8 69. Kd2 Bd7 70. Kc3 Nc7 71. Bd6 Na8 72. e5 Bc8 73. e6+ Kg8 74. Kd4 Nb6 75. Bc5 Na8 76. Be7 1-0

[Event "RUS-chT U20"]
[Site "Rybinsk"]
[Date "2010.08.06"]
[Round "5"]
[White "Yudin, Ivan"]
[Black "Purygin, Andrei"]
[Result "1-0"]
[WhiteElo "2232"]
[BlackElo "2240"]
[PlyCount "75"]
[EventDate "2010.08.02"]
[EventType "team-swiss"]
[EventRounds "9"]
[EventCountry "RUS"]
[SourceTitle "EXT 2011"]
[Source "ChessBase"]
[SourceDate "2010.11.26"]
[SourceVersion "1"]
[SourceVersionDate "2010.11.26"]
[SourceQuality "1"]

1. d4 d5 2. c4 e6 3. Nf3 c6 4. Nc3 dxc4 5. e3 b5 6. a4 Bb4 7. Bd2 Bxc3 8. bxc3 Nf6 9. Rb1 a6 10. Ne5 Qc7 11. Qf3 Bb7 12. Qg3 0-0 13. Nxc4 Qd8 14. f3 Ra7 15. Nd6 Ne8 16. Ne4 Nd7 17. c4 bxa4 18. Bb4 f5 19. Nc5 Rf6 20. Nxd7 Qxd7 21. Qe5 Bc8 22. Bd3 Qd8 23. 0-0 Rff7 24. Bc2 f4 25. exf4 Rf6 26. g3 Rd7 27. Ba5 Qe7 28. Rb8 Bb7 29. Rb1 c5 30. Bxa4 Bxf3 31. Bxd7 Qxd7 32. Rxe8+ Kf7 33. Rd8 Qa4 34. Qxc5 h6 35. Qf8+ Kg6 36. Qe8+ Qxe8 37. Rxe8 Rf5 38. Rxe6+ 1-0

[Event "RUS-chT Clubs U18"]
[Site "Rybinsk"]
[Date "2009.08.10"]
[Round "9"]
[White "Yudin, Ivan"]
[Black "Gordievsky, Dmitry"]
[Result "1-0"]
[WhiteElo "2256"]
[BlackElo "2219"]
[PlyCount "85"]
[EventDate "2009.08.02"]
[EventType "team-swiss"]
[EventRounds "9"]
[EventCountry "RUS"]
[SourceTitle "CBM 131 Extra"]
[Source "ChessBase"]
[SourceDate "2009.09.03"]
[SourceVersion "2"]
[SourceVersionDate "2009.09.16"]
[SourceQuality "1"]

1. d4 Nf6 2. c4 e6 3. Nc3 Bb4 4. e3 0-0 5. Nge2 Re8 6. a3 Bf8 7. d5 exd5 8. cxd5 c5 9. Ng3 d6 10. Be2 g6 11. e4 Bg7 12. 0-0 a6 13. a4 Nbd7 14. Be3 h5 15. f3 Ne5 16. Qd2 Kh7 17. Nh1 Rb8 18. h3 Qa5 19. f4 Ned7 20. Nf2 h4 21. Rfc1 Qb4 22. Qc2 Nb6 23. a5 Nbxd5 24. Bd2 Qd4 25. exd5 Nxd5 26. Qd3 Nxf4 27. Bxf4 Qxf4 28. Nd5 Qe5 29. Re1 Bf5 30. Qc4 Qd4 31. Ra4 Qd2 32. Kf1 Kg8 33. Rd1 Qxb2 34. Ra2 Qe5 35. Qxh4 Be6 36. Bf3 Bxd5 37. Bxd5 Re7 38. Ng4 g5 39. Qh5 Qc3 40. Rf2 Bd4 41. Bxf7+ Kf8 42. Qh6+ Bg7 43. Bg6+ 1-0

[Event "RUS-chT Clubs U18"]
[Site "Rybinsk"]
[Date "2009.08.08"]
[Round "7"]
[White "Yudin, Ivan"]
[Black "Vinogradov, Alexander"]
[Result "1-0"]
[WhiteElo "2256"]
[BlackElo "2415"]
[PlyCount "73"]
[EventDate "2009.08.02"]
[EventType "team-swiss"]
[EventRounds "9"]
[EventCountry "RUS"]
[SourceTitle "CBM 131 Extra"]
[Source "ChessBase"]
[SourceDate "2009.09.03"]
[SourceVersion "2"]
[SourceVersionDate "2009.09.16"]
[SourceQuality "1"]

1. d4 Nf6 2. c4 g6 3. Nf3 Bg7 4. g3 0-0 5. Bg2 d5 6. cxd5 Nxd5 7. 0-0 Nb6 8. Nc3 N8d7 9. e4 e5 10. Bg5 f6 11. Qb3+ Kh8 12. Be3 c6 13. Rfd1 Qe7 14. a4 exd4 15. Bxd4 Qf7 16. Qxf7 Rxf7 17. Bf1 a5 18. Rac1 f5 19. Ng5 Re7 20. Bxb6 Bxc3 21. Bd8 Bf6 22. Bxe7 Bxe7 23. Nf7+ Kg7 24. Nd6 Bxd6 25. Rxd6 fxe4 26. Rcd1 Nb6 27. Rd8 Bg4 28. Rxa8 Bxd1 29. Rxa5 Nxa4 30. Ra7 Kf6 31. Rxb7 h5 32. b4 c5 33. b5 Bb3 34. Ra7 c4 35. b6 c3 36. b7 c2 37. b8Q 1-0

[Event "RUS-chT Clubs U18"]
[Site "Rybinsk"]
[Date "2009.08.06"]
[Round "5"]
[White "Zhurikhin, Alexander"]
[Black "Yudin, Ivan"]
[Result "1/2-1/2"]
[WhiteElo "2152"]
[BlackElo "2256"]
[PlyCount "170"]
[EventDate "2009.08.02"]
[EventType "team-swiss"]
[EventRounds "9"]
[EventCountry "RUS"]
[SourceTitle "CBM 131 Extra"]
[Source "ChessBase"]
[SourceDate "2009.09.03"]
[SourceVersion "2"]
[SourceVersionDate "2009.09.16"]
[SourceQuality "1"]

1. Nf3 d5 2. b3 Bg4 3. Bb2 Nd7 4. c4 e6 5. g3 Ngf6 6. Bg2 c6 7. 0-0 Bd6 8. d3 0-0 9. Nbd2 h6 10. h3 Bf5 11. Re1 Bh7 12. e4 dxe4 13. dxe4 e5 14. Qc2 a5 15. Nh4 Re8 16. a3 Qb6 17. Rab1 Bc5 18. Nf1 Rad8 19. Nf5 Nf8 20. Rbd1 N6d7 21. Nd6 Re6 22. Nf5 Ree8 23. Nd6 Re6 24. Nf5 h5 25. h4 g6 26. N5e3 Re7 27. Bh3 Ne6 28. Bxe6 Rxe6 29. Rd2 f6 30. Red1 Re7 31. Kh2 Kf8 32. Re2 Bg8 33. Kg2 Rde8 34. Red2 Be6 35. Nf5 Rf7 36. Nh6 Rh7 37. Nf5 Rf7 38. Nh6 Rh7 39. Nf5 Kg8 40. Kg1 Bf8 41. Nd6 Bxd6 42. Rxd6 Nc5 43. b4 axb4 44. axb4 Qxb4 45. Ne3 Rd7 46. Rxd7 Nxd7 47. Rb1 Qe7 48. Qc3 Ra8 49. Ra1 Rxa1+ 50. Bxa1 Nc5 51. Qc2 Qd6 52. Kf1 Qc7 53. Bc3 Qb6 54. Ke2 Kf7 55. f3 Bc8 56. Qd1 Ne6 57. Qd6 Qc5 58. Qb8 Qf8 59. Kf2 Qd8 60. Bb4 Nd4 61. Bd6 Qd7 62. Qc7 Qxc7 63. Bxc7 Be6 64. c5 Ke8 65. f4 Kd7 66. Bb6 Ba2 67. fxe5 fxe5 68. g4 Ke6 69. gxh5 gxh5 70. Nf1 Bb3 71. Ng3 Bd1 72. Ke3 Bg4 73. Nh1 Kd7 74. Kf2 Nf3 75. Kg3 Nd2 76. Nf2 Be2 77. Ba5 Nf1+ 78. Kg2 Ne3+ 79. Kg3 Nc4 80. Bc3 Ke6 81. Nh3 Bg4 82. Ng5+ Kf6 83. Nh7+ Kg7 84. Ng5 Kg6 85. Kh2 Bd7 1/2-1/2

[Event "RUS-ch U14"]
[Site "Dagomys"]
[Date "2009.04.23"]
[Round "9"]
[White "Yudin, Ivan"]
[Black "Vakhlamov, Igor L"]
[Result "1/2-1/2"]
[WhiteElo "2277"]
[BlackElo "2127"]
[PlyCount "80"]
[EventDate "2009.04.15"]
[EventType "swiss"]
[EventRounds "9"]
[EventCountry "RUS"]
[SourceTitle "CBM 130 Extra"]
[Source "ChessBase"]
[SourceDate "2009.07.02"]
[SourceVersion "2"]
[SourceVersionDate "2009.07.15"]
[SourceQuality "1"]

1. e4 c5 2. Nf3 Nc6 3. d4 cxd4 4. Nxd4 g6 5. c4 Nf6 6. Nc3 d6 7. f3 Nxd4 8. Qxd4 Bg7 9. Be3 0-0 10. Qd2 Be6 11. Rc1 Qa5 12. Nd5 Qxd2+ 13. Kxd2 Bxd5 14. cxd5 Rfc8 15. Rxc8+ Rxc8 16. g3 Nd7 17. Bh3 Rc7 18. b3 Nc5 19. Rc1 b6 20. Bf1 a5 21. Bb5 Bb2 22. Rc2 Be5 23. Bc6 Kf8 24. Bh6+ Bg7 25. Bf4 Bd4 26. Ke2 Na6 27. Rc4 Bg7 28. Be3 Nc5 29. Bb5 Bb2 30. Bh6+ Kg8 31. Kd2 f6 32. Be3 Kf7 33. Kc2 Ba3 34. Bd4 e6 35. Bc6 e5 36. Be3 Rc8 37. Kd1 Rb8 38. Bb5 Kg7 39. Ke2 Rb7 40. Bd2 Ra7 1/2-1/2

[Event "RUS-ch U14"]
[Site "Dagomys"]
[Date "2009.04.18"]
[Round "4"]
[White "Guzenko, Artem"]
[Black "Yudin, Ivan"]
[Result "1-0"]
[WhiteElo "2155"]
[BlackElo "2277"]
[PlyCount "127"]
[EventDate "2009.04.15"]
[EventType "swiss"]
[EventRounds "9"]
[EventCountry "RUS"]
[SourceTitle "CBM 130 Extra"]
[Source "ChessBase"]
[SourceDate "2009.07.02"]
[SourceVersion "2"]
[SourceVersionDate "2009.07.15"]
[SourceQuality "1"]

1. e4 c5 2. Nf3 d6 3. Bb5+ Nc6 4. d4 cxd4 5. Qxd4 Bd7 6. Bxc6 Bxc6 7. Nc3 Nf6 8. Bg5 e6 9. 0-0-0 Be7 10. Qd3 Qa5 11. h4 0-0 12. Nd4 Rfc8 13. Kb1 Be8 14. f4 Rab8 15. g4 Qc5 16. Bxf6 Bxf6 17. g5 Be7 18. f5 Qe5 19. Nf3 Qc5 20. Nd4 Bd7 21. g6 hxg6 22. fxg6 fxg6 23. Qg3 Qh5 24. Nde2 e5 25. Nd5 Bf8 26. Qb3 Kh8 27. Ng3 Qh6 28. h5 g5 29. Ne3 Be6 30. Qd3 Rc7 31. Ngf5 Qf6 32. Rdf1 Qd8 33. Rh2 Rbc8 34. Rg1 Rc5 35. Nd5 Bxd5 36. exd5 Qf6 37. Ne3 Qf4 38. Rd2 Be7 39. Rf1 Qd4 40. Qe2 Qe4 41. h6 g6 42. Rf7 R5c7 43. Qf2 Qh1+ 44. Rd1 Qh4 45. Qf3 e4 46. Qg2 Bf8 47. Rf6 Be7 48. Re6 Rf8 49. Ng4 Rf4 50. Rxe4 Rc4 51. Rxe7 Qxg4 52. Rde1 Rf8 53. Qd2 Qf4 54. Qd3 Rg8 55. b3 Rd4 56. Qc3 Qf6 57. Qc7 Rf8 58. R7e6 Qf7 59. Qxd6 Rf4 60. Rxg6 Rf6 61. Re6 Rxe6 62. Rxe6 Qf1+ 63. Kb2 Qf4 64. Qc5 1-0

[Event "RUS-ch U14"]
[Site "Dagomys"]
[Date "2009.04.17"]
[Round "3"]
[White "Yudin, Ivan"]
[Black "Davydiants, Eduard"]
[Result "1-0"]
[WhiteElo "2277"]
[BlackElo "2090"]
[PlyCount "147"]
[EventDate "2009.04.15"]
[EventType "swiss"]
[EventRounds "9"]
[EventCountry "RUS"]
[SourceTitle "CBM 130 Extra"]
[Source "ChessBase"]
[SourceDate "2009.07.02"]
[SourceVersion "2"]
[SourceVersionDate "2009.07.15"]
[SourceQuality "1"]

1. e4 c5 2. Nf3 d6 3. d4 cxd4 4. Nxd4 Nf6 5. f3 e5 6. Nb3 d5 7. Bg5 Be6 8. Bxf6 gxf6 9. exd5 Qxd5 10. Qxd5 Bxd5 11. Nc3 Bc6 12. 0-0-0 Bb4 13. Nb5 Bxb5 14. Bxb5+ Ke7 15. a3 Bd6 16. Na5 b6 17. Nc4 Bc5 18. b4 Bd4 19. Rhe1 Rd8 20. Ne3 Bxe3+ 21. Rxe3 Rxd1+ 22. Kxd1 a6 23. Bd3 Nd7 24. Bf5 b5 25. Rc3 Nb6 26. Rc7+ Kf8 27. Kc1 Nc4 28. Bxh7 Nxa3 29. Be4 Rd8 30. Rc6 Nc4 31. Bd3 Rd6 32. Rc8+ Kg7 33. Bxc4 bxc4 34. Rxc4 f5 35. c3 Rg6 36. g3 Rh6 37. Rh4 Re6 38. Kd2 e4 39. Ke3 Rc6 40. fxe4 fxe4 41. Kxe4 Rxc3 42. Kd4 Rc2 43. Kd3 Rc1 44. Rc4 Ra1 45. Rc5 Ra2 46. h4 Rg2 47. Rg5+ Kf6 48. Kc4 Rc2+ 49. Kd5 Rc3 50. Rg4 Kf5 51. Rf4+ Kg6 52. g4 f6 53. Rc4 Rh3 54. h5+ Kg5 55. Kc5 Ra3 56. Kb6 Ra2 57. Rd4 Ra1 58. Ka7 Ra4 59. Kb6 Ra1 60. Ka7 Ra4 61. Rd5+ Kxg4 62. h6 Ra1 63. h7 Rh1 64. Rd7 f5 65. Rg7+ Kf3 66. Kxa6 f4 67. b5 Ke3 68. b6 f3 69. Rf7 Rh6 70. Ka7 f2 71. b7 Rxh7 72. Rxh7 f1Q 73. Re7+ Kd3 74. Rd7+ 1-0